000
00318nam a22001337a 4500
008
180829b xxu||||| |||| 00| 0 eng d
020
_a
2900130466203
041
_a
eng
080
_2
8 ED
_a
510
100
_a
38
101
_a
MAT
245
_a
FINITE MATHEMATICS ITS APPLICATIONS
_c
GOLDSTEIN.L.J
942
_2
udc
_c
BK
999
_c
47396
_d
47396